000 01862cam a2200157 4500500
005 20260329011829.0
041 _afre
042 _adc
100 1 0 _aBourgeois, Didier
_eauthor
245 0 0 _aFamilles et petite enfance. Mutation des savoirs et des pratiques
260 _c2006.
500 _a68
520 _aÀ partir de l’analyse d’un dispositif médiatique donnant à voir des séquences de consultations psychologiques, cet article interroge les effets cliniques et éthiques de l’exposition publique de la parole intime. Il examine les déplacements induits par le passage d’un cadre thérapeutique confidentiel vers un espace médiatisé, où le récit de soi est montré, fragmenté et soumis au regard de l’autre. Inscrite dans une approche intégrative, l’auteure propose une lecture articulant cadre, transfert, espace transitionnel et distinction entre intime et extime. L’émission est envisagée non comme une restitution du processus thérapeutique, mais comme un espace de projection susceptible de favoriser l’émergence consciente de contenus psychiques non élaborés, tant chez les participants que chez les spectateurs. L’article met en évidence le décalage irréductible entre ce qui est montré, ce qui est dit et ce qui est vécu, rappelant que l’essentiel du travail psychique demeure en grande partie invisible et non partageable hors du cadre transférentiel. Il défend la nécessité d’un positionnement éthique clair face aux formes contemporaines d’exposition de l’intime, et invite les psychologues à penser ces dispositifs comme des objets cliniques à part entière, appelant vigilance et responsabilité professionnelle.
786 0 _nPsy Cause | 43 | 1 | 2006-01-01 | p. 52-52 | 1245-2394
856 4 1 _uhttps://shs.cairn.info/revue-psy-cause-2006-1-page-52?lang=fr&redirect-ssocas=7080
999 _c1865387
_d1865387